000 00818cam a2200241 4500
008 011218n2002 000 0 eng u
020 _a1859460917
035 _a(Sirsi) u116045
050 _a690.2
100 _aHoxley, M.
245 _aConstruction companion to building surveys
260 _aLondon
_bRIBA Publications
_c2002
300 _a142p.
_c24cm.
350 _a20.00
490 _aRIBA Construction Companion Series
520 _aWritten by the editor of "Structural survey" this text sets out a generic set of procedures for carrying out building surveys of domestic properties.
650 _aBUILDING SURVEYS
650 _aRICS HOMEBUYER SURVEY AND VALUATION
650 _aSTRUCTURAL SURVEYS
650 _aVALUATION SURVEY
690 _aBUILT ENVIRONMENT-BUILDING INSPECTION
942 _n0
999 _c101813
_d101813